Lord of the Rings Death Location Matchup Quiz Stats

 Plays Quiz not verified by Sporcle

Support Sporcle.
Go Orange.
Score 0/19 Timer 06:00
0 Plays Today
% Correct
Gollum
92.1%
Théoden
89.3%
Witch King of Angmar
88.2%
Boromir
86.6%
Denethor
85.8%
Gandalf
81%
Durin's Bane/Balrog
81%
Saruman
79.2%
Grima Wormtongue
77.8%
Dáin II Ironfoot
74.5%
% Correct
Isildur
71.8%
Háma
69.2%
Balin
69%
Déagol
66.9%
Elendil
65%
Théodred
64.1%
Gil-galad
62.1%
Brand
54.8%
Grimbold
47.1%

You're not logged in!

Compare scores with friends on all Sporcle quizzes.
OR
Log In

From the Vault

NFL Playoff Miracles: The Week After

by big8dog88

Did what happened the week after live up to the hype of these classic moments?
Remove Ads.
Support Sporcle.
Get the best of Sporcle when you Go Orange. This ad-free experience offers more features, more stats, and more fun while also helping to support Sporcle. Thank you for becoming a member.

Show Comments

Extras

Top Quizzes Today


Score Distribution

Your Account Isn't Verified!

In order to create a playlist on Sporcle, you need to verify the email address you used during registration. Go to your Sporcle Settings to finish the process.

Report this User

Report this user for behavior that violates our Community Guidelines.

Details: